000 nam a22 a 4500
999 _c145308
_d145308
003 BLK
005 20230126122712.0
008 180410b bul|||||r ||||||| ||bul||
010 _aKNG00151481000
040 _aBLK
041 _aBUL
_cBUL
080 _aЕстонска литература
_b821.511.113
_x-93-32
_z821.511.113-93-32
100 1 _aЛутс, Оскар
_eпърви автор
_989983
139 _aЛутс, Оскар
_bЛ 89
245 1 0 _aПролет
_bКартини от училищния живот : Повест за юноши
_cОскар Лутс; прев. от ест. Дора Стоянова Янева-Медникарова; худож. Елена Пъдарева; с послесл. от Александър Панов.
257 _aEST
260 _aСофия
_bОтечество
_c1989
_fСофия : Д. Благоев
300 _a336 с.
_bс ил.
_c21 см
380 _aDX
490 _aБиблиотека Когато бях малък
_v№ 25
_9203192
500 _aОриг. загл. Kevade. - На гърба на кор. портр. на авт. - Без тир.
600 1 4 _aЛутс, Оскар
_989983
653 _aповести
653 _aдетска литература
653 _aлитература за деца
700 1 _aЯнева-Медникарова, Дора Стоянова
_eпрев. от ест.
_9365173
700 1 _aПъдарева, Елена
_eхудож.
_9366096
700 1 _aПанов, Александър
_eс послесл. от
_9374792
852 _aЦб 262595
856 4 _qpdf
_i1.78
_ldisable
856 4 _qpdf
_i1.78
_ldisable
942 _cKNG
_n0
_s1
944 _aCR
_c07.10.2013
_l07.10.2013 - от С1,Р / 07.10.2013
_kИвелин_Чалов
944 _aED
_c23.10.2015
_l07.10.2013 - от С1,Р / 07.10.2013
_kЕлица_Владова
999 _d145308